On the Move : Mobility and Early Modern Translation /

While the rising prominence of translations has long been recognized as an essential element of early modern intellectual life, this volume shifts the focus from translated texts to the individuals who translated them. Through a series of interlocking case studies, it follows translators from Europe...

Full description

Saved in:

Other Authors: Casale, Giancarlo (Editor), Thomson, Ann (Editor)

Format: eBook

Language: English

Published: Leiden ; Boston : Brill, 2026.

Series: Early Modern History and Modern History E-Books online, Collection 2026.
Translating Cultures in the Early Modern World ; 2.

Subjects:

Online Access: Login to view Source

Tags: Add Tag

No Tags, Be the first to tag this record!

Call Number: GA201

LEADER 02605nam a22004818i 4500
001 BRILL9789004731806
003 nllekb
005 20260324115025.0
006 m d
007 cr un uuuua
008 251031s2026 gw sb 001 0 eng d
020 |a 9789004731806  |q (electronic book) 
020 |z 9789004731790  |q (print) 
024 7 |a 10.1163/9789004731806  |2 DOI 
040 |a NL-LeKB  |c NL-LeKB  |e rda 
041 |a eng 
050 4 |a GA201 
072 7 |a HB  |2 bicssc 
072 7 |a HIS  |x 0000000  |2 bisacsh 
082 0 4 |a 526.09  |2 23 
245 0 0 |a On the Move :  |b Mobility and Early Modern Translation /  |c edited by Giancarlo Casale and Ann Thomson. 
246 3 |a Mobility and Early Modern Translation 
264 1 |a Leiden ;  |a Boston :  |b Brill,  |c 2026. 
264 4 |c ©2026 
300 |a 1 online resource (270 pages) :  |b illustrations. 
336 |a text  |b txt  |2 rdacontent 
337 |a computer  |b c  |2 rdamedia 
338 |a online resource  |2 rdacarrier 
490 1 |a Early Modern History and Modern History E-Books online, Collection 2026 
490 1 |a Translating Cultures in the Early Modern World ;  |v 2 
504 |a Includes bibliographical references and index. 
520 |a While the rising prominence of translations has long been recognized as an essential element of early modern intellectual life, this volume shifts the focus from translated texts to the individuals who translated them. Through a series of interlocking case studies, it follows translators from Europe, through the Ottoman Empire, and as far as Mughal India, in the process raising new questions about the possibilities-and the limits-of trans-linguistic dialogue, and about translators' unique role as agents of encounter in a world in which ideas, texts and people circulated as never before. Contributors include Giancarlo Casale, Alessia Castagnino, Angelo Cattaneo, Tunahan Durmaz, Stefan Hanss, Giovanni Lista, Jose Maria Perez Fernandez, Baki Tezcan, and Ann Thomson. 
546 |a English 
588 |a Description based on print version record. 
650 0 |a Book History and Cartography. 
650 0 |a History of the Book. 
700 1 |a Casale, Giancarlo,  |e editor. 
700 1 |a Thomson, Ann,  |e editor. 
776 0 8 |i Print version:  |t On the Move : Mobility and Early Modern Translation.  |d Leiden ; Boston : Brill, 2026.  |z 9789004731790  |w (OCoLC)1536328475 
830 0 |a Early Modern History and Modern History E-Books online, Collection 2026. 
830 0 |a Translating Cultures in the Early Modern World ;  |v 2. 
856 4 |z DOI:   |u http://dx.doi.org/10.1163/9789004731806 
999 |c 61970  |d 61970